| 000 | 00451nam a2200145 i 4500 | ||
|---|---|---|---|
| 001 | 49293 | ||
| 003 | ES-MaACL | ||
| 007 | t| | ||
| 008 | 030714s1943 sp ||||1| spa d | ||
| 100 | 1 |
_aCortés Cavanillas, Julián. _940878 |
|
| 245 | 1 | 0 |
_aAlfonso XII _b: el Rey romántico / _cJ. Cortés Cavanillas. |
| 260 |
_aMadrid : _bEdiciones Aspas, _c[1943] ( _fArtes Gráficas) |
||
| 300 |
_a448 p., 12 lám. ; _c22 cm. |
||
| 852 |
_aES-MaACL _jB-3559 _bR.20379 |
||
| 999 |
_c49293 _d49293 |
||